Natalie Portman - Roles by Picture - Statistics

General Stats
  • This quiz has been taken 11 times
  • The average score is 7 of 41
Answer Stats
Picture Answer % Correct
Queen Padmé Amidala Naberrie
90%
Jane Foster / Mighty Thor
70%
Jacqueline 'Jackie' Kennedy
50%
Anne Boleyn
40%
Nina Sayers / White Swan / Odette
40%
Mathilda Lando
30%
Alice Ayres / Jane Jones
20%
Darcy
20%
Dr. Emma K. Kurtzman
20%
Ann August
10%
Celeste
10%
Christina Craft
10%
Elizabeth
10%
Emilia Greenleaf
10%
Evey Hammond
10%
Fania Klausner / Mussman
10%
Francine
10%
Grace Cahill
10%
Inés Bilbatúa
10%
Isabel
10%
Jane Hammond
10%
Laura
10%
Laura Barlow
10%
Laura Dandridge
10%
Lauren Gustafson
10%
Lena
10%
Leslie
10%
Lucy Cola
10%
Marty
10%
Molly Mahoney
10%
Nicole
10%
Nina
10%
Novalee Nation
10%
Rebecca
10%
Rhonda
10%
Rifka
10%
Samantha
10%
Sam Turner
10%
Sara
10%
Taffy Dale
10%
Rhett
0%
No matching quizzes found
Score Distribution
Percent of People with Each Score
Percentile by Number Answered
Your Score History
You have not taken this quiz